000 00811nam a2200253 a 4500
001 000013642
003 DO-SdBNP
005 20250613122817.0
008 091127s1952 dr r 000 0 spa d
040 _aDO-SdBNP
_bspa
_cBNPHU
082 4 _a972.94
_bM738a
_222
100 1 _aMonclus, Miguel Ángel,
_d1873-1967.
_931058
245 1 0 _aApuntes de Haití /
_cMiguel Ángel Monclus.
260 _aCiudad Trujillo, República Dominicana :
_bMontalvo,
_c1952.
300 _a253 p. ;
_c24 cm.
504 _aBibliografía : p. 253
590 _aInventariado, 2019/ YL
650 7 _aEsclavos
_zHaití
_931059
_2LEMB
650 7 _aVudú
_zHaití
_931060
651 4 _aHaití
_xHistoria
_98418
651 7 _aHaití
_xVida social y costumbres
_931061
910 _aValidado. Control de calidad MFF
942 _2ddc
_cLBS1
999 _c13256
_d13256